धरोहरःनृत्य नाटिका/ (Record no. 8971)
[ view plain ]
| 000 -LEADER | |
|---|---|
| fixed length control field | 01154 a2200241 4500 |
| 005 - DATE AND TIME OF LATEST TRANSACTION | |
| control field | 20080917152848.0 |
| 008 - FIXED-LENGTH DATA ELEMENTS--GENERAL INFORMATION | |
| fixed length control field | 080917t xxu||||| |||| 00| 0 hin d |
| 010 ## - LCCN (DPL NO) | |
| LC control number | HIN-81781 |
| 020 ## - INTERNATIONAL STANDARD BOOK NUMBER | |
| Terms of availability | 40.00 |
| 035 ## - SYSTEM CONTROL NUMBER | |
| System control number | HN-54127 |
| 037 ## - SOURCE OF ACQUISITION | |
| Source of stock number/acquisition | पु.प्र.अ.प्र/प्रका |
| 082 ## - DEWEY DECIMAL CLASSIFICATION NUMBER | |
| Classification number | 822 |
| 100 ## - MAIN ENTRY--PERSONAL NAME | |
| Personal name | कल्पनाथ सिंह |
| 245 ## - TITLE STATEMENT | |
| Title | धरोहरःनृत्य नाटिका/ |
| Statement of responsibility, etc | कल्पनाथ सिंह |
| 246 ## - VARYING FORM OF TITLE | |
| Title proper/short title | Dharohar Nritya Natika |
| Remainder of title | by Kalp Nath Singh |
| 260 ## - PUBLICATION, DISTRIBUTION, ETC. (IMPRINT) | |
| Place of publication, distribution, etc | बाराबंकी |
| Name of publisher, distributor, etc | कल्पना प्रकाशन |
| Date of publication, distribution, etc | 2006 |
| 270 ## - ADDRESS | |
| Address | सिविल लाइन्स,कम्पनीबाग चौराही |
| City | बाराबंकी (उ.प्र.) |
| Telephone number | 05248 222332 |
| Postal code | 225001 |
| 300 ## - PHYSICAL DESCRIPTION | |
| Extent | 20पृ |
| Dimensions | 18सेमी (अजिल्द) |
| 650 ## - SUBJECT ADDED ENTRY--TOPICAL TERM | |
| Topical term or geographic name as entry element | हिन्दी नाटक |
| 650 ## - SUBJECT ADDED ENTRY--TOPICAL TERM | |
| Topical term or geographic name as entry element | Hindi Play |
| 942 ## - ADDED ENTRY ELEMENTS (KOHA) | |
| Institution code [OBSOLETE] | dpl |
| Item type | Hindi Books |
| Call number prefix | 822 / कल्पना |
| Source of classification or shelving scheme | Dewey Decimal Classification |
| Classification part | 822 |
| Call number suffix | कल्पना |
| Withdrawn status | Lost status | Source of classification or shelving scheme | Damaged status | Not for loan | Home library | Current library | Date acquired | Cost, normal purchase price | Total Checkouts | Full call number | Barcode | Date last seen | Copy number | Cost, replacement price | Koha item type |
|---|---|---|---|---|---|---|---|---|---|---|---|---|---|---|---|
| Dewey Decimal Classification | D.B.Act.Division | D.B.Act.Division | 17/09/2008 | 40.00 | 822 कल्पना | HN-54127 | 15/09/2008 | 1 | 40.00 | Hindi Books |
